header

The cholesterol wars (Record no. 120497)

MARC details
000 -LEADER
fixed length control field 01289nam a2200325Ia 4500
100 1# - MAIN ENTRY--AUTHOR NAME
Personal name Steinberg, Daniel,
245 14 - TITLE STATEMENT
Title The cholesterol wars
250 ## - EDITION STATEMENT
Edition statement 1st ed.
260 ## - PUBLICATION, DISTRIBUTION, ETC. (IMPRINT)
Place of publication San Diego, Calif. :
Name of publisher Academic Press,
Year of publication 2007.
300 ## - PHYSICAL DESCRIPTION
Number of Pages xx, 227 p., [3] p. of plates :
Other physical details ill. (some color), ports.
650 #0 - SUBJECT ADDED ENTRY--TOPICAL TERM
Topical Term Atherosclerosis.
Topical Term Anticholesteremic agents.
Topical Term Statins (Cardiovascular agents)
856 40 - ELECTRONIC LOCATION AND ACCESS
Uniform Resource Identifier http://site.ebrary.com/lib/rucke/Doc?id=10204244

No items available.

© 2026 Rongo University
Contact us: librarian | system librarian | Rongo university